| 000 | 00859nam a2200241 a 4500 | ||
|---|---|---|---|
| 008 | 120416s1991 ||||||||||||||||| || u | ||
| 020 | _a0870529277 | ||
| 050 | _aHF 5382.5.U5 Lac | ||
| 100 | _aLacey, Dan | ||
| 245 | 1 | 4 | _aThe paycheck disruption |
| 246 | _afinding success in the workplace of the '90s | ||
| 260 |
_aNew York _bHippocrene Books _c1991 |
||
| 300 | _a348p. | ||
| 350 | _a0.00 | ||
| 650 | _aVOCATIONAL GUIDANCE - UNITED STATES | ||
| 650 | _aCAREER DEVELOPMENT -- UNITED STATES | ||
| 650 | _aVOCATION | ||
| 650 | _aJOB SECURITY - UNITED STATES | ||
| 650 | _aSUCCESS IN BUSINESS - UNITED STATES | ||
| 650 | _aCOMPETITION | ||
| 650 | _aCAREER DEVELOPMENT--UNITED STATES | ||
| 995 |
_D0.00 _FCBU-MAIN LIBRARY (Kitwe) _H1 _I16.95 _M1 _UAVAILABLE _ZAnnex Low-Usage Collection |
||
| 999 |
_c53228 _d53228 |
||